000 00834nam a2200253Ia 4500
003 OSt
005 20220918170501.0
006 a|||||r|||| 00| 0
007 ta
008 220917b |||||||| |||| 00| 0 eng d
020 _a9780253005991 (hbk)
_c5533.77
024 _a286,220
037 _b43487, 10/03/2015, Segment Book Distributors
_cTextual
040 _aARTS
_cARTS
_beng
041 _2eng
_aeng
082 _aY7:4.6, Q2
100 _aSchroeder Richard A.
_929313
245 0 _aAfrica after apartheid
_b South Africa, race, and nation in tanzania
260 _aBloomington
_bIndiana University Press U.S.A.
_c2012
300 _axviii, 227p.
_ccm.
650 _aSOCIOLOGY
942 _hY7:4.6, Q2
_cTEXL
_2CC
999 _c134349
_d134349